General relativity : an introduction for physicist (Record no. 44417)

MARC details
000 -LEADER
fixed length control field 00808nam a2200217 a 4500
008 - FIXED-LENGTH DATA ELEMENTS--GENERAL INFORMATION
fixed length control field 200619s2006 ||||||||||||||||| || u
020 ## - INTERNATIONAL STANDARD BOOK NUMBER
International Standard Book Number 9780521829519
050 ## - LIBRARY OF CONGRESS CALL NUMBER
Classification number QC 173.6 Hob
100 ## - MAIN ENTRY--PERSONAL NAME
Personal name Hobson, Michael P
245 10 - TITLE STATEMENT
Title General relativity : an introduction for physicist
Statement of responsibility, etc. By M.P Hobson; G. Efstathiou ; A.N. Lasenby
260 ## - PUBLICATION, DISTRIBUTION, ETC.
Place of publication, distribution, etc. Cambridge
Name of publisher, distributor, etc. Cambridge University Press
Date of publication, distribution, etc. 2006
300 ## - PHYSICAL DESCRIPTION
Extent xviii, 572 pages : illustrations
350 ## - PRICE (NR) (BK AM CF MU VM SE) [OBSOLETE]
Price 101.04
650 ## - SUBJECT ADDED ENTRY--TOPICAL TERM
Topical term or geographic name entry element GRAVITY
650 ## - SUBJECT ADDED ENTRY--TOPICAL TERM
Topical term or geographic name entry element COSMOLOGY
650 ## - SUBJECT ADDED ENTRY--TOPICAL TERM
Topical term or geographic name entry element GEOMETRY, DIFFERENTIAL
650 ## - SUBJECT ADDED ENTRY--TOPICAL TERM
Topical term or geographic name entry element GENERAL RELATIVITY (PHYSICS)
700 ## - ADDED ENTRY--PERSONAL NAME
Personal name Lasenby, A.N
700 ## - ADDED ENTRY--PERSONAL NAME
Personal name Efstathiuo, G
995 ## - RECOMMENDATION 995 [LOCAL, UNIMARC FRANCE]
-- CBU-MAIN LIBRARY (Kitwe)
-- 101.04
-- 1
-- AVAILABLE
-- Jun 25, 2020
-- Main Library Open Access Collection
Holdings
Withdrawn status Lost status Source of classification or shelving scheme Damaged status Not for loan Home library Current library Shelving location Date acquired Total Checkouts Full call number Barcode Date last seen Price effective from Koha item type
          CBU-MAIN LIBRARY, KITWE. CBU-MAIN LIBRARY, KITWE.   11/30/2022   QC 173.6 Hob 750310 11/30/2022 11/30/2022 MONOGRAPH